000 00908nas a2200277 4500
001 BR0900105
003 BR-BrBNA
005 20231205113003.0
007 ta
008 230509b bl.|||p| |||| 00| 00por d
040 _aBR-BrBNA
_bpor
_cBiblioteca Nacional de Agricultura
041 _a(Pt)
072 _aH10
100 1 _aFernandes, M.G.
100 1 _aRodrigues, A.L.L
100 1 _aDegrande, P.E.
100 1 _aBusoli, A.C.
245 1 _aAspectos fenológicos do algodoeiro cultivar CNPA ITA-90 conduzido sob condições de MIP, e infestação de Alabama argillacea (Hubner)(Lepidoptera: Noctuidae ) em Mato Groso do Sul
650 _aINSETO
650 _aCURUQUERE
650 _aALGODÃO
650 _aFENOLOGIA
773 0 _tRevista de Agricultura (Brazil)
_xISSN 0034-7655
_g(Jun 2005), v. 80(1) p. 35-48
_wBR0900105
909 _a202311
_bLúcia
_c55
_dLúcia Elande
942 _2AGRIS
_n0
_cANA
999 _c201183
_d201183